5HLuxD.jpg

KING HENRY VIII SENIOR AND PRIMARY SCHOOL LIBRARY OPAC

The Haunting of Falcon House (Record no. 4040)

000 -LEADER
fixed length control field 00443nam a22001337a 4500
008 - FIXED-LENGTH DATA ELEMENTS--GENERAL INFORMATION
fixed length control field 250108b ||||| 9781250|||| 00| 0 eng d
020 ## - INTERNATIONAL STANDARD BOOK NUMBER
International Standard Book Number 9781250115089
082 ## - DEWEY DECIMAL CLASSIFICATION NUMBER
Classification number 813.6
100 ## - MAIN ENTRY--PERSONAL NAME
Personal name Eugene Yelchin
Relator term Yelchin,Eugene
Language of a work English
Fuller form of name Yelchin,Eugene
Title of a work The Haunting of Falcon House
245 ## - TITLE STATEMENT
Title The Haunting of Falcon House
260 ## - PUBLICATION, DISTRIBUTION, ETC.
Place of publication, distribution, etc. New York
Name of publisher, distributor, etc. Henry Holt and Company
300 ## - PHYSICAL DESCRIPTION
Extent 310 pages
Dimensions 13cm
942 ## - ADDED ENTRY ELEMENTS (KOHA)
Source of classification or shelving scheme
Classification part 813.6
Holdings
Withdrawn status Lost status Source of classification or shelving scheme Damaged status Not for loan Collection code Permanent Location Current Location Shelving location Date acquired Full call number Barcode Date last seen Price effective from Koha item type Public note
          Fiction KH8 Primary School Library KH8 Primary School Library Fiction 2025-01-08 813.6 YEL KHPL00000478 2025-12-05 2025-01-08 Books - Fiction KH8 PRIMARY LIBRARY

Powered By KH8 IT Dept